000 00293nam a22001337a 4500
082 _a823
_bMOH/L
100 _aMOHINI, MUDITH
245 _aLITTLE TUPPEN
260 _aDELHI
_bVISHV BOOKS
300 _a20
520 _aENGLISH SHORT STORY
650 _aENGLISH SHORT STORY
_zDELHI
942 _cBK
999 _c5384
_d5384